Formula one drivers by picture 1 - Statistics

General Stats
  • This quiz has been taken 682 times
  • The average score is 13 of 16
Answer Stats
Picture Answer % Correct
Lewis Hamilton
99%
Ayrton Senna
97%
Fernando Alonso
96%
Sebastian Vettel
96%
Daniel Ricciardo
95%
Alain Prost
94%
Kimi Räikkönen
94%
Nico Rosberg
93%
Kevin Magnussen
91%
Felipe Massa
87%
David Coulthard
81%
Juan Manuel Fangio
80%
Jos Verstappen
79%
Nico Hulkenberg
60%
Nelson Piquet
55%
Mario Andretti
41%
No matching quizzes found
Score Distribution
Percent of People with Each Score
Percentile by Number Answered
Your Score History
You have not taken this quiz